Podpora inovácií v malých a stredných podnikoch

Postavenie, podmienky a úloha malých a stredných podnikov v hospodárstve krajín EÚ. Sieť MSP a firmy vytvárajúce pracovné miesta. Inovácie a organizácia práce na trhu. Získavanie finančných prostriedkov pre MSP.

Gespeichert in:
Bibliographische Detailangaben
1. Verfasser: Strižencová, Michaela
Format: Buchkapitel
Sprache:Slowakisch
Schlagworte:
Tags: Tag hinzufügen
Keine Tags, Fügen Sie das erste Tag hinzu!

MARC

LEADER 00000naa$a2200000$$$4500
001 0125292
005 20240502072429.1
041 0 |a slo 
044 |a SK 
245 1 0 |a Podpora inovácií v malých a stredných podnikoch  |c Michaela Strižencová 
520 |a Postavenie, podmienky a úloha malých a stredných podnikov v hospodárstve krajín EÚ. Sieť MSP a firmy vytvárajúce pracovné miesta. Inovácie a organizácia práce na trhu. Získavanie finančných prostriedkov pre MSP. 
610 2 0 |a podnik malý 
610 2 0 |a podnik stredný 
610 2 0 |a Európska únia 
610 2 0 |a prostredie podnikateľské 
610 2 0 |a stratégia inovačná 
610 2 0 |a kapitál vlastný 
610 2 0 |a riziko podnikateľské 
610 2 0 |a podpora podnikania 
610 2 0 |a zdroje finančné 
100 1 |a Strižencová, Michaela